| 000 | 00789cam a2200253 i 4500 | ||
|---|---|---|---|
| 999 |
_c4546 _d4546 |
||
| 003 | OSt | ||
| 005 | 20220324094353.0 | ||
| 008 | 770627s1978 stka b 001 0 eng | ||
| 020 |
_a044301454X. _a0443013179 |
||
| 040 | _cDLC | ||
| 050 | 0 | 0 |
_aQM531 _b.L34 1978 |
| 060 | _aQS4 L349an | ||
| 100 | 1 | _aLast, R. J. | |
| 245 | 1 | 0 |
_aAnatomy, regional and applied / _cR. J. Last. |
| 250 | _a6th ed. | ||
| 260 |
_aEdinburgh ; _aNew York : _bChurchill Livingstone ; _aNew York : _bdistributed by Longman, _c1978. |
||
| 300 |
_avi, xxiv, 598 p. : _bill. ; _c25 cm. |
||
| 500 | _aIncludes index. | ||
| 504 | _aBibliography: p. [575]-582. | ||
| 650 | 0 | _aAnatomy, Surgical and topographical. | |
| 650 | 2 | _aAnatomy, Regional. | |
| 906 |
_a7 _bcbc _corignew _d1 _eocip _f19 _gy-gencatlg |
||
| 942 |
_2lcc _cBK |
||